000
00334nam a22001457a 4500
999
_c
3
_d
3
008
190731b ||||| |||| 00| 0 eng d
100
1
_a
Fernandes, Errol
245
1
0
_a
Cargo work
250
_a
3rd ed.
260
_a
Bombay
_b
Marinez
_c
2014
300
_a
viii, 142p.
650
0
_a
Ships -- Cargo.
650
0
_a
Cargo handling.
942
_c
BK